[Event "Batumi Municipality Cup"]
[Site "Batumi GEO"]
[Date "2018.07.02"]
[Round "1.3"]
[White "Sattarov, Bobir"]
[Black "Pantsulaia, Levan"]
[Result "0-1"]
[BlackTitle "GM"]
[WhiteElo "2328"]
[BlackElo "2575"]
[WhiteFideId "14203081"]
[BlackFideId "13602071"]
[EventDate "2018.07.02"]

1. e4 c5 2. Nf3 a6 3. c4 e6 4. Nc3 Qc7 5. Be2 Nc6 6. O-O Nd4 7. d3 Ne7 8. Nxd4
cxd4 9. Nb1 Nc6 10. f4 Be7 11. Nd2 O-O 12. Nf3 b5 13. Kh1 Rb8 14. b3 Bb7 15. Bd2
f5 16. Rc1 Qb6 17. Qe1 bxc4 18. Rxc4 fxe4 19. dxe4 a5 20. Bd3 Ba6 21. e5 Bxc4
22. bxc4 Nb4 23. Bxb4 axb4 24. Qe4 g6 25. Nxd4 Rf7 26. g3 Qb7 27. h4 Qa8 28.
Qxa8 Rxa8 29. Bb1 Rff8 30. Nb3 Rfc8 31. Rc1 h6 32. Kg2 g5 33. fxg5 hxg5 34. h5
Bf8 35. c5 Bg7 36. Rd1 Ra7 37. Kf3 Bxe5 38. h6 Kf7 39. Kg4 Ke7 40. Re1 Bc3 41.
Rh1 Bf6 42. Kh5 Rac7 43. Rf1 Rf8 44. g4 Rcc8 45. h7 Bh8 46. Rg1 Rf2 47. Kxg5
Rcf8 48. c6 Bf6+ 49. Kg6 Rf7 50. Rh1 Rg7+ 51. Kh5 Rg5+ 52. Kh4 Rgf5+ 53. g5 Rxg5
54. c7 Rg1+ 55. Kh3 Rxh1+ 56. Kg3 Bh4+ 57. Kg4 Rf8 58. Be4 Rh2 59. Bb7 Bf6 0-1

[Event "Batumi Municipality Cup"]
[Site "Batumi GEO"]
[Date "2018.07.03"]
[Round "2.4"]
[White "Primbetov, Kazbek"]
[Black "Maghalashvili, Davit"]
[Result "0-1"]
[BlackTitle "GM"]
[WhiteElo "2257"]
[BlackElo "2508"]
[WhiteFideId "13702297"]
[BlackFideId "13602276"]
[EventDate "2018.07.02"]

1. e4 c5 2. Nc3 Nc6 3. f4 a6 4. g3 g6 5. Bg2 Bg7 6. Nf3 d6 7. O-O Bg4 8. h3 Bxf3
9. Bxf3 Nf6 10. d3 O-O 11. Be3 Nd7 12. Kh2 Rb8 13. Bg2 Nd4 14. Qd2 b5 15. f5 b4
16. Nd5 Nb6 17. f6 exf6 18. Nxb4 a5 19. c3 axb4 20. cxd4 Nd7 21. Rfc1 Qb6 22.
Rc4 Qa6 23. dxc5 dxc5 24. Bxc5 Nxc5 25. Rxc5 Rfd8 26. d4 Bf8 27. Rcc1 Qa7 28.
Rc4 Rb5 29. Qf2 f5 30. a4 bxa3 31. bxa3 fxe4 32. Bxe4 Rb3 33. a4 Bd6 34. Rg1 h5
35. Bc2 Rxg3 36. Rxg3 h4 37. Kg2 Bxg3 38. Qf6 Qa5 39. Kf3 Qh5+ 40. Ke3 Re8+ 41.
Be4 Qd5 42. Qc6 Rxe4+ 43. Kd3 Rxd4+ 0-1

[Event "Batumi Municipality Cup"]
[Site "Batumi GEO"]
[Date "2018.07.04"]
[Round "3.4"]
[White "Levin, Evgeny A."]
[Black "Tutisani, Noe"]
[Result "1/2-1/2"]
[WhiteTitle "GM"]
[BlackTitle "FM"]
[WhiteElo "2539"]
[BlackElo "2469"]
[WhiteFideId "4182596"]
[BlackFideId "13602853"]
[EventDate "2018.07.02"]

1. d4 Nf6 2. c4 g6 3. Nc3 d5 4. cxd5 Nxd5 5. Bd2 Bg7 6. e4 Nb6 7. Be3 O-O 8. h3
e5 9. Nf3 exd4 10. Bxd4 Nc6 11. Bxg7 Qxd1+ 12. Rxd1 Kxg7 13. Bb5 Bd7 14. O-O a6
15. Be2 Rad8 16. Nd4 f5 17. exf5 Nxd4 18. Rxd4 Bxf5 19. Rfd1 Rxd4 20. Rxd4 Nc8
21. Kf1 1/2-1/2

[Event "Batumi Municipality Cup"]
[Site "Batumi GEO"]
[Date "2018.07.04"]
[Round "3.10"]
[White "Sibashvili, Giorgi"]
[Black "Primbetov, Kazbek"]
[Result "1-0"]
[WhiteTitle "IM"]
[WhiteElo "2408"]
[BlackElo "2257"]
[WhiteFideId "13602799"]
[BlackFideId "13702297"]
[EventDate "2018.07.02"]

1. Nf3 d5 2. b3 c5 3. e3 Nc6 4. Bb5 Qb6 5. Bxc6+ Qxc6 6. Bb2 f6 7. d4 Bg4 8. O-O
e6 9. Nbd2 c4 10. bxc4 dxc4 11. c3 Bd6 12. a4 Ne7 13. Ba3 Bxa3 14. Rxa3 Bf5 15.
Re1 Bd3 16. e4 O-O 17. Re3 e5 18. Ne1 Qd6 19. Ra2 exd4 20. cxd4 Qxd4 21. Nxd3
cxd3 22. Qb3+ Kh8 23. Rxd3 Qc5 24. Rc2 Qa5 25. Rd7 Rad8 26. Rxe7 Rxd2 27. Rxd2
Qxd2 28. g3 Qe1+ 29. Kg2 b6 30. Qf7 1-0

[Event "Batumi Municipality Cup"]
[Site "Batumi GEO"]
[Date "2018.07.04"]
[Round "3.14"]
[White "Garayev, Kanan"]
[Black "Bashirov, Teymur"]
[Result "1-0"]
[WhiteTitle "FM"]
[WhiteElo "2300"]
[BlackElo "2379"]
[WhiteFideId "13406671"]
[BlackFideId "13430181"]
[EventDate "2018.07.02"]

1. d4 d5 2. c4 e6 3. Nc3 Nf6 4. cxd5 exd5 5. Bg5 Be7 6. e3 Nbd7 7. Bd3 b6 8.
Nge2 Bb7 9. Ng3 h6 10. Bf4 O-O 11. Nf5 Re8 12. Qf3 h5 13. Qg3 g6 14. Nh6+ 1-0

[Event "Batumi Municipality Cup"]
[Site "Batumi GEO"]
[Date "2018.07.05"]
[Round "4.1"]
[White "Jumabayev, Rinat"]
[Black "Pantsulaia, Levan"]
[Result "1/2-1/2"]
[WhiteTitle "GM"]
[BlackTitle "GM"]
[WhiteElo "2594"]
[BlackElo "2575"]
[WhiteFideId "13702661"]
[BlackFideId "13602071"]
[EventDate "2018.07.02"]

1. Nf3 Nf6 2. g3 d5 3. Bg2 c6 4. c4 dxc4 5. O-O Nbd7 6. Qc2 b5 7. b3 cxb3 8.
Qxc6 Rb8 9. axb3 Bb7 10. Qc3 a6 11. Nd4 Bxg2 12. Kxg2 Rc8 13. Qa5 Qxa5 14. Rxa5
Nb8 15. Bb2 e6 16. f4 Bb4 17. Ra2 O-O 18. Nf3 Rfd8 19. Nc3 Nfd7 20. Ne4 f5 21.
Nf2 Nc5 22. Rb1 Bxd2 23. Bxg7 Kxg7 24. Nxd2 Nc6 25. Nf3 a5 26. b4 axb4 27. Rc2
Rd5 28. Nd3 Nxd3 29. exd3 Rxd3 30. Rxb4 Nxb4 31. Rxc8 Nd5 32. Rb8 b4 33. Rb7+
Kh6 34. Ng5 b3 35. Nf7+ Kh5 36. Ne5 Rd2+ 37. Kf3 Nf6 38. Rxb3 Rxh2 39. Rb7 h6
40. Rb5 Rh1 41. Rb6 Ng4 42. Nxg4 fxg4+ 43. Kf2 Rh2+ 44. Kf1 Rh1+ 45. Kf2 1/2-1/2

[Event "Batumi Municipality Cup"]
[Site "Batumi GEO"]
[Date "2018.07.05"]
[Round "4.3"]
[White "Nigmatov, Ortik"]
[Black "Maghalashvili, Davit"]
[Result "1/2-1/2"]
[WhiteTitle "FM"]
[BlackTitle "GM"]
[WhiteElo "2461"]
[BlackElo "2508"]
[WhiteFideId "14202131"]
[BlackFideId "13602276"]
[EventDate "2018.07.02"]

1. Nf3 d5 2. e3 Nf6 3. c4 e6 4. b3 Bd6 5. Bb2 O-O 6. Nc3 a6 7. Qc2 b6 8. Ng5 g6
9. h4 h6 10. Nf3 Nc6 11. cxd5 Nb4 12. Qc1 Nbxd5 13. Nxd5 exd5 14. Qc3 Be7 15.
Ne5 Ne4 16. Qc6 Bb4 17. Bd3 Bxd2+ 18. Ke2 Bb4 19. h5 Qd6 20. Bxe4 dxe4 21. Qxd6
Bxd6 22. hxg6 f6 23. Nf7 Kg7 24. Nxd6 cxd6 25. Rh4 Bf5 26. Rf4 Bxg6 27. Rc1 Rac8
28. Rxf6 Bh5+ 29. Kd2 Rxc1 30. Rxd6+ Kh7 31. Rd7+ Rf7 32. Rxf7+ Bxf7 33. Bxc1
Kg6 34. Bb2 Kf5 35. Bd4 b5 36. Kc3 h5 37. Bb6 Ke5 38. Kb4 Be6 39. Kc5 Bg4 40.
Bc7+ Ke6 41. g3 Kd7 42. Be5 Be2 43. Kb6 Bd3 44. Kxa6 Kc6 45. Ka5 Be2 46. Kb4 Kd5
47. Bg7 Bf1 48. Kc3 Be2 49. Kd2 Bf1 50. Bd4 Ke6 51. f3 exf3 52. e4 f2 53. Bxf2
Ke5 54. Ke3 Bg2 55. g4 hxg4 56. Bg3+ Ke6 57. Kd4 Bf3 58. Kc5 Be2 59. Kb4 Kd7 60.
a4 bxa4 61. Kxa4 Kc6 62. Ka5 Bd3 63. e5 Be2 64. b4 Bc4 65. Bh2 Bb5 66. Bg3 Bc4
67. Bf2 Bb5 68. e6 Bc4 69. b5+ Bxb5 70. e7 Kd7 71. Kxb5 Kxe7 1/2-1/2

[Event "Batumi Municipality Cup"]
[Site "Batumi GEO"]
[Date "2018.07.05"]
[Round "4.15"]
[White "Primbetov, Kazbek"]
[Black "Gvetadze, Sofio"]
[Result "0-1"]
[BlackTitle "IM"]
[WhiteElo "2257"]
[BlackElo "2316"]
[WhiteFideId "13702297"]
[BlackFideId "13601440"]
[EventDate "2018.07.02"]

1. e4 e5 2. Nf3 Nc6 3. Bc4 Be7 4. c3 Nf6 5. d4 d6 6. d5 Nb8 7. Bd3 O-O 8. c4
Nbd7 9. Nc3 a5 10. Be3 b6 11. h3 Nc5 12. Bc2 Ne8 13. a3 f5 14. exf5 Bxf5 15.
Bxf5 Rxf5 16. O-O Qd7 17. Bxc5 bxc5 18. Ne4 Rb8 19. Rb1 g6 20. Re1 Ng7 21. Re3
Rf4 22. Nxc5 dxc5 23. Nxe5 Qd6 24. Nc6 Bh4 25. g3 Rbf8 26. Ne5 Rxf2 27. Qe1 Bg5
28. Re4 R2f5 29. Nd3 Rf1+ 0-1

[Event "Batumi Municipality Cup"]
[Site "Batumi GEO"]
[Date "2018.07.05"]
[Round "4.16"]
[White "Akhvlediani, Irakli"]
[Black "Khalaji, Hanieh"]
[Result "1-0"]
[BlackTitle "WFM"]
[WhiteElo "2264"]
[BlackElo "2146"]
[WhiteFideId "13601938"]
[BlackFideId "12506176"]
[EventDate "2018.07.02"]

1. d4 d5 2. Bf4 Nf6 3. e3 c6 4. c4 Bf5 5. Nc3 e6 6. Qb3 Qb6 7. c5 Qxb3 8. axb3
Nbd7 9. b4 Nh5 10. Bc7 Rc8 11. Rxa7 Rxc7 12. b5 Kd8 13. b6 Nxb6 14. cxb6 Rd7 15.
Nf3 f6 16. Be2 g6 17. O-O Bg4 18. Na4 Bxf3 19. Bxf3 Ke8 20. Ra1 Kf7 21. Ra8 Rg8
22. Nc5 Bxc5 23. dxc5 Ng7 24. Rxg8 Kxg8 25. b4 e5 26. b5 Ne6 27. bxc6 bxc6 28.
Bxd5 cxd5 29. Ra8+ Kf7 30. c6 Rd6 31. Ra7+ Ke8 32. b7 Rd8 33. Ra8 1-0

[Event "Batumi Municipality Cup"]
[Site "Batumi GEO"]
[Date "2018.07.06"]
[Round "5.5"]
[White "Pourramezanali, Amirreza"]
[Black "Nigmatov, Ortik"]
[Result "1-0"]
[WhiteTitle "GM"]
[BlackTitle "FM"]
[WhiteElo "2537"]
[BlackElo "2461"]
[WhiteFideId "12511412"]
[BlackFideId "14202131"]
[EventDate "2018.07.02"]

1. e4 e5 2. Nf3 Nc6 3. Bc4 Bc5 4. c3 Nf6 5. d3 a6 6. Nbd2 Ba7 7. Bb3 O-O 8. h3
d6 9. Nf1 Be6 10. Ng3 h6 11. O-O Re8 12. Nh2 Bxb3 13. axb3 Qd7 14. Qf3 Qe6 15.
b4 Ne7 16. Re1 d5 17. Ng4 Nxg4 18. hxg4 f6 19. exd5 Qxd5 20. Ne4 Rf8 21. Be3
Bxe3 22. Rxe3 Qb3 23. Re2 b6 24. d4 Rad8 25. dxe5 fxe5 26. Qh3 Ng6 27. g3 Qc4
28. Ree1 Qe6 29. Qh5 Rd3 30. Rxa6 Rdf3 31. Raa1 Nh8 32. Ra7 Qe7 33. Rea1 Nf7 34.
Ra8 Nd6 35. Rxf8+ Rxf8 36. Qg6 Nxe4 37. Qxe4 Qf7 38. Rf1 Qf6 39. Qe2 Kh8 40. Rd1
Qe6 41. Qe4 g5 42. Rd5 Re8 43. c4 Kg7 44. b5 Re7 45. b4 Qg6 46. Qxg6+ Kxg6 47.
Kf1 h5 48. gxh5+ Kxh5 49. Ke2 Kg4 50. Ke3 Kf5 51. f3 Rh7 52. g4+ Kf6 53. Rd8 Rh1
54. Rd7 Re1+ 55. Kd2 Rb1 56. Rxc7 e4 57. fxe4 Ke5 58. Kc3 Kxe4 59. Rc6 Rc1+ 60.
Kb2 Rg1 61. Rxb6 Rxg4 62. Rc6 Rf4 63. b6 Rf8 64. b7 Rb8 65. Rc7 1-0

[Event "Batumi Municipality Cup"]
[Site "Batumi GEO"]
[Date "2018.07.06"]
[Round "5.9"]
[White "Sibashvili, Giorgi"]
[Black "Akhvlediani, Irakli"]
[Result "1/2-1/2"]
[WhiteTitle "IM"]
[WhiteElo "2408"]
[BlackElo "2264"]
[WhiteFideId "13602799"]
[BlackFideId "13601938"]
[EventDate "2018.07.02"]

1. d4 Nf6 2. c4 e6 3. Nc3 Bb4 4. Qc2 Nc6 5. Nf3 d6 6. Bd2 O-O 7. a3 Bxc3 8. Bxc3
Qe7 9. e3 e5 10. d5 Nb8 11. h3 a5 12. Nd2 c6 13. dxc6 Nxc6 14. Bd3 Nd4 15. Qb1
Ne6 16. b4 axb4 17. axb4 Rxa1 18. Qxa1 b5 19. cxb5 Qb7 20. O-O Nc7 21. f4 Nfd5
22. fxe5 Nxb5 23. Bxb5 Qxb5 24. exd6 Nxe3 25. Rf3 Nf5 26. Qa5 Nxd6 27. Rg3 f6
28. Qc7 Nf5 29. Bxf6 Qd7 30. Qxd7 Bxd7 31. Rd3 Rxf6 32. Rxd7 Rb6 33. Rd5 Ne3 34.
Re5 Nc2 35. b5 Na3 36. Re8+ Kf7 37. Re3 Nxb5 38. Rb3 Rb7 39. Ne4 Ke7 40. Re3 Kd8
41. Ng5 g6 42. Rb3 h6 43. Ne4 Ke7 44. Nc5 Rb8 45. Re3+ Kd6 46. Ne4+ Ke5 47. Nf2+
Kd6 48. Ng4 h5 49. Ne5 Rg8 50. Nf7+ Kd7 51. Kh2 Nd4 52. Re4 Nc6 53. Ne5+ Nxe5
54. Rxe5 Kd6 55. Re2 Rf8 56. Kg3 g5 57. h4 gxh4+ 58. Kxh4 Rf5 59. Re8 Kd7 60.
Rh8 Ke6 61. Rxh5 Rf1 62. Kg5 Kf7 63. Rh7+ Kg8 64. Ra7 Rb1 65. g4 Rb5+ 66. Kh6
Rb6+ 67. Kh5 Rb5+ 68. g5 Rb6 69. Re7 Ra6 70. Re5 Kg7 71. Rb5 Rc6 72. Kg4 Ra6 73.
Kf5 Rc6 74. Rb7+ Kg8 75. Re7 Ra6 76. Re6 Rxe6 77. Kxe6 1/2-1/2

[Event "Batumi Municipality Cup"]
[Site "Batumi GEO"]
[Date "2018.07.06"]
[Round "5.11"]
[White "Garayev, Kanan"]
[Black "Pogosyan, Stefan"]
[Result "1-0"]
[WhiteTitle "FM"]
[BlackTitle "FM"]
[WhiteElo "2300"]
[BlackElo "2356"]
[WhiteFideId "13406671"]
[BlackFideId "34159867"]
[EventDate "2018.07.02"]

1. d4 Nf6 2. Nf3 e6 3. c4 b6 4. Nc3 Bb4 5. Bg5 h6 6. Bh4 g5 7. Bg3 Ne4 8. Qc2 f5
9. e3 Bb7 10. Nd2 O-O 11. f3 Nxg3 12. hxg3 Qf6 13. Nb5 a6 14. Nc3 Bd6 15. f4 c5
16. d5 b5 17. O-O-O exd5 18. cxd5 Be7 19. e4 gxf4 20. exf5 fxg3 21. Rh5 Qg7 22.
Nde4 Qg4 23. Be2 Qf4+ 24. Kb1 Rxf5 25. Rf1 Qxf1+ 26. Bxf1 Rxh5 27. Nf6+ Bxf6 28.
Qg6+ Bg7 29. Qe8+ Bf8 30. Qxh5 d6 31. Qg6+ Bg7 32. Qe6+ 1-0

[Event "Batumi Municipality Cup"]
[Site "Batumi GEO"]
[Date "2018.07.06"]
[Round "5.12"]
[White "Al Hosani, Omran"]
[Black "Lomsadze, Davit"]
[Result "0-1"]
[WhiteTitle "FM"]
[BlackTitle "GM"]
[WhiteElo "2089"]
[BlackElo "2348"]
[WhiteFideId "9308733"]
[BlackFideId "13603450"]
[EventDate "2018.07.02"]

1. d4 Nf6 2. Nf3 g6 3. Bf4 Bg7 4. e3 O-O 5. Be2 d6 6. h3 c5 7. c3 b6 8. O-O Bb7
9. Nbd2 Nbd7 10. Qc2 Rc8 11. a4 a6 12. Qd3 Re8 13. e4 cxd4 14. cxd4 Qc7 15. Qb1
Qb8 16. Re1 e5 17. dxe5 dxe5 18. Bh2 Qd6 19. b4 Bf8 20. b5 a5 21. Nc4 Qc5 22.
Bd3 Nh5 23. Rc1 Nf4 24. Bf1 Qb4 25. Qxb4 axb4 26. Nfxe5 Nxe5 27. Bxf4 Nxc4 0-1

[Event "Batumi Municipality Cup"]
[Site "Batumi GEO"]
[Date "2018.07.06"]
[Round "5.13"]
[White "Martynov, Roman"]
[Black "Sanchez, Louis"]
[Result "1/2-1/2"]
[WhiteTitle "FM"]
[BlackTitle "FM"]
[WhiteElo "2366"]
[BlackElo "2290"]
[WhiteFideId "14132044"]
[BlackFideId "624225"]
[EventDate "2018.07.02"]

1. d4 d5 2. c4 e6 3. Nf3 Nf6 4. g3 Bb4+ 5. Bd2 Be7 6. Bg2 c6 7. Qc2 b6 8. O-O
Nbd7 9. Bf4 Bb7 10. Nc3 dxc4 11. Nd2 Nd5 12. Nxc4 Nxf4 13. gxf4 O-O 14. Rfd1 Qc7
15. e3 Rad8 16. a3 c5 17. d5 exd5 18. Nxd5 Bxd5 19. Rxd5 b5 20. Ne5 Nxe5 21.
Rxe5 Bd6 22. Rd5 Be7 23. Re5 Bd6 24. Rd5 Be7 1/2-1/2

[Event "Batumi Municipality Cup"]
[Site "Batumi GEO"]
[Date "2018.07.06"]
[Round "5.14"]
[White "Mammadova, Narmin"]
[Black "Chkhaidze, Nikoloz"]
[Result "1/2-1/2"]
[WhiteTitle "WIM"]
[BlackTitle "FM"]
[WhiteElo "2209"]
[BlackElo "2337"]
[WhiteFideId "13403710"]
[BlackFideId "13601750"]
[EventDate "2018.07.02"]

1. e4 e5 2. Nf3 Nc6 3. Nc3 Nf6 4. Bb5 Nd4 5. Ba4 Nxf3+ 6. Qxf3 Bc5 7. O-O O-O 8.
d3 c6 9. Bb3 b5 10. a3 d6 11. h3 Be6 12. Ne2 Bxb3 13. cxb3 Ne8 14. Ng3 Nc7 15.
Nf5 Ne6 16. b4 Bd4 17. Kh1 Kh8 18. Qg4 g6 19. Nxd4 Nxd4 20. Bg5 f6 21. Be3 f5
22. exf5 Nxf5 23. d4 Qe8 24. Qe4 exd4 25. Bxd4+ Kg8 26. Qd3 Qf7 27. Bc3 Qc4 28.
Rad1 Qxd3 29. Rxd3 Rae8 30. Kg1 Re6 31. g4 Ne7 32. Re1 Rxe1+ 33. Bxe1 Nd5 34.
Bd2 Re8 35. Be3 Nxe3 36. fxe3 d5 37. Kf2 Kf7 38. Rc3 Re6 39. Kf3 Kf6 40. h4 Ke5
41. g5 Kd6 42. Rd3 Re5 43. Rd4 Rf5+ 44. Ke2 Rf8 45. Rd1 Rf7 46. Rd4 Rf5 47. Rd1
h6 48. gxh6 Rh5 49. Rg1 Rxh6 50. Rg4 Ke5 51. Kd3 Kf5 52. Rf4+ Ke5 53. Rg4 Kf5
54. Rf4+ Ke5 1/2-1/2

[Event "Batumi Municipality Cup"]
[Site "Batumi GEO"]
[Date "2018.07.06"]
[Round "5.15"]
[White "Sattarov, Bobir"]
[Black "Eynullayev, Altay"]
[Result "1-0"]
[BlackTitle "FM"]
[WhiteElo "2328"]
[BlackElo "2134"]
[WhiteFideId "14203081"]
[BlackFideId "13413562"]
[EventDate "2018.07.02"]

1. e4 e6 2. Qe2 c5 3. Nf3 Nc6 4. g3 g6 5. Bg2 Bg7 6. O-O Nge7 7. c3 O-O 8. d3 d6
9. Rd1 e5 10. a3 Be6 11. b4 Rc8 12. Bb2 Qc7 13. Nbd2 a6 14. Rac1 b5 15. Nf1 Rfe8
16. Ne3 h6 17. Qd2 Qb6 18. h4 a5 19. h5 axb4 20. axb4 cxb4 21. hxg6 fxg6 22.
cxb4 Nd4 23. Nxd4 exd4 24. Nd5 Nxd5 25. exd5 Bg4 26. Rxc8 Rxc8 27. Re1 Bf5 28.
Be4 Bxe4 29. Rxe4 Qc7 30. Qe1 Qc2 31. Bxd4 Bxd4 32. Rxd4 Qc1 33. Qxc1 Rxc1+ 34.
Kg2 Re1 35. Re4 Rd1 36. Re3 Kf7 37. Kf3 Rd2 38. g4 g5 39. Re6 Rxd3+ 40. Ke4 Rb3
41. Rxh6 Rxb4+ 42. Kf5 Rf4+ 43. Kxg5 Rxf2 44. Rh7+ Kf8 45. Rb7 Rb2 46. Kf6 Ke8
47. g5 Rf2+ 48. Ke6 Re2+ 49. Kxd6 Rg2 50. Rxb5 Rxg5 51. Rb8+ Kf7 52. Kc6 1-0

[Event "Batumi Municipality Cup"]
[Site "Batumi GEO"]
[Date "2018.07.06"]
[Round "5.16"]
[White "Rahul, S"]
[Black "Primbetov, Kazbek"]
[Result "1-0"]
[WhiteElo "2253"]
[BlackElo "2257"]
[WhiteFideId "5092515"]
[BlackFideId "13702297"]
[EventDate "2018.07.02"]

1. e4 c5 2. Nf3 d6 3. Bb5+ Bd7 4. c4 Nc6 5. d4 cxd4 6. Nxd4 Nf6 7. Nc3 g6 8. O-O
Bg7 9. Bxc6 Bxc6 10. Re1 O-O 11. h3 Rc8 12. b3 a6 13. Bb2 e6 14. Qd2 Qa5 15.
Rad1 Qh5 16. Ba3 Rfd8 17. Nxc6 Rxc6 18. e5 Ne8 19. exd6 Qa5 20. Nb1 Qf5 21. c5
b6 22. cxb6 Nxd6 23. Bxd6 Rxb6 24. g4 Qf6 25. Be5 Rxd2 26. Bxf6 Rxd1 27. Rxd1
Bxf6 28. Na3 a5 29. Nc4 Rb5 30. Rd7 Bc3 31. Rxf7 a4 32. Re7 axb3 33. axb3 e5 34.
Kg2 h6 35. Nd6 Rxb3 36. Ne4 Bd4 37. Nf6+ Kf8 38. Rh7 Rb2 39. Nd7+ Kg8 40. Nf6+
Kf8 41. Ne4 Be3 42. Kf3 Bf4 43. Nc5 Kg8 44. Rd7 Rc2 45. Ne6 Rc3+ 46. Ke4 Rc4+
47. Kd3 Ra4 48. Rg7+ Kh8 49. Rxg6 e4+ 50. Ke2 Ra2+ 51. Kf1 e3 52. Nxf4 Rxf2+ 53.
Kg1 Rxf4 54. Rxh6+ Kg7 55. Re6 Rf3 56. Kg2 Rf2+ 57. Kg3 Re2 58. h4 Re1 59. Kf4
Rf1+ 60. Kg5 Rf3 61. h5 Kf7 62. Re4 Rh3 63. Kf4 1-0

[Event "Batumi Municipality Cup"]
[Site "Batumi GEO"]
[Date "2018.07.06"]
[Round "5.17"]
[White "Khalaji, Hanieh"]
[Black "Martynyuk, Elizaveta"]
[Result "1-0"]
[WhiteTitle "WFM"]
[BlackTitle "FM"]
[WhiteElo "2146"]
[BlackElo "2182"]
[WhiteFideId "12506176"]
[BlackFideId "24128511"]
[EventDate "2018.07.02"]

1. e4 c5 2. c3 Nf6 3. e5 Nd5 4. d4 cxd4 5. cxd4 Nc6 6. Nc3 Nxc3 7. bxc3 d5 8.
Bd3 a6 9. Ne2 Bg4 10. f3 Bh5 11. Nf4 Bg6 12. Bxg6 hxg6 13. e6 g5 14. exf7+ Kxf7
15. Nh3 Qd6 16. Nxg5+ Kg8 17. f4 e6 18. Qg4 Re8 19. O-O Nd8 20. Re1 Be7 21. Nf3
Bf6 22. f5 e5 23. dxe5 Bxe5 24. Nxe5 Rxe5 25. Bf4 Qc5+ 26. Kh1 Rxe1+ 27. Rxe1
Kf8 28. Qg6 Nf7 29. Qe6 Qc6 30. Qe7+ Kg8 31. Qe8+ Qxe8 32. Rxe8+ Kh7 33. Re7 Nh6
34. f6 Nf5 35. Rxb7 Rc8 36. g4 Rc4 37. Bb8 Ne3 38. f7 Rxc3 39. Rc7 Rd3 40. Rc1 1-0

[Event "Batumi Municipality Cup"]
[Site "Batumi GEO"]
[Date "2018.07.06"]
[Round "5.18"]
[White "Stepanyan, Eva"]
[Black "Tereladze, Sopiko"]
[Result "1/2-1/2"]
[WhiteTitle "WFM"]
[BlackTitle "WIM"]
[WhiteElo "2096"]
[BlackElo "2169"]
[WhiteFideId "34165980"]
[BlackFideId "13600486"]
[EventDate "2018.07.02"]

1. e4 e5 2. Nf3 Nc6 3. Bb5 a6 4. Ba4 Nf6 5. d3 b5 6. Bb3 Be7 7. O-O O-O 8. Nc3
d6 9. a3 Na5 10. Ba2 Be6 11. Bg5 Bxa2 12. Rxa2 h6 13. Bd2 c5 14. Ra1 Nc6 15. Re1
Re8 16. Nd5 Bf8 17. b4 Nd4 18. bxc5 Nxf3+ 19. Qxf3 Nxd5 20. exd5 dxc5 21. c4 b4
22. Qg3 Qf6 23. Re4 Bd6 24. a4 Kh7 25. Bc1 Qf5 26. Bb2 f6 27. Qh4 Qg5 1/2-1/2

[Event "Batumi Municipality Cup"]
[Site "Batumi GEO"]
[Date "2018.07.07"]
[Round "6.7"]
[White "Sanikidze, Tornike"]
[Black "Duzhakov, Ilya"]
[Result "1-0"]
[WhiteTitle "GM"]
[BlackTitle "IM"]
[WhiteElo "2512"]
[BlackElo "2448"]
[WhiteFideId "13602608"]
[BlackFideId "4192516"]
[EventDate "2018.07.02"]

1. d4 Nf6 2. c4 g6 3. f3 d5 4. cxd5 Nxd5 5. e4 Nb6 6. Nc3 Bg7 7. Be3 O-O 8. Qd2
e5 9. d5 c6 10. h4 cxd5 11. exd5 N8d7 12. h5 Nf6 13. hxg6 fxg6 14. O-O-O Bd7 15.
Kb1 Rc8 16. d6 e4 17. Nh3 exf3 18. gxf3 Nfd5 19. Nxd5 Bf5+ 20. Ka1 Rc2 21. Ne7+
Kh8 22. Qd4 Nd7 1-0

[Event "Batumi Municipality Cup"]
[Site "Batumi GEO"]
[Date "2018.07.07"]
[Round "6.8"]
[White "Lomsadze, Davit"]
[Black "Suleymanli, Aydin"]
[Result "1/2-1/2"]
[WhiteTitle "GM"]
[BlackTitle "FM"]
[WhiteElo "2348"]
[BlackElo "2266"]
[WhiteFideId "13603450"]
[BlackFideId "13413937"]
[EventDate "2018.07.02"]

1. d4 d5 2. Nf3 Nf6 3. g3 c6 4. Bg2 Bf5 5. O-O e6 6. Nbd2 h6 7. c4 Nbd7 8. b3
Bd6 9. Bb2 Qe7 10. a3 O-O 11. Re1 Bh7 12. Ne5 Rad8 13. Nxd7 Rxd7 14. b4 Ne4 15.
Nxe4 dxe4 16. Qb3 Rfd8 17. Rad1 h5 18. Rd2 f5 19. e3 h4 20. b5 hxg3 21. hxg3
cxb5 22. c5 Bxc5 23. Rc2 Bb6 24. Qxb5 Bg6 25. Rec1 Be8 26. Qb3 Bf7 27. Qb5 Rd5
28. Qe2 Qe8 29. g4 Bg6 30. gxf5 Bxf5 31. Rd2 Qg6 32. f4 exf3 33. Qxf3 Re5 34. a4
Be4 35. Qf4 Rg5 36. Qh2 Rh5 37. Qf4 Rf8 38. Qxe4 Qg3 39. Qf4 Rxf4 40. exf4 Qh2+
41. Kf1 Rf5 42. Rf2 Rxf4 43. Rc8+ Kf7 44. Bf3 Qh3+ 45. Ke2 g5 46. a5 Bxa5 47.
Ba3 Qh7 48. Bd6 Rf5 49. Rh2 Qg7 50. Bh5+ Kf6 51. Rf8+ Qxf8 52. Bxf8 Bc7 53. Rh1
Bb6 54. Kd3 Rf4 55. Bc5 Bxc5 56. dxc5 Ke5 57. Rg1 Kd5 1/2-1/2

[Event "Batumi Municipality Cup"]
[Site "Batumi GEO"]
[Date "2018.07.07"]
[Round "6.9"]
[White "Akhvlediani, Irakli"]
[Black "Nigmatov, Ortik"]
[Result "0-1"]
[BlackTitle "FM"]
[WhiteElo "2264"]
[BlackElo "2461"]
[WhiteFideId "13601938"]
[BlackFideId "14202131"]
[EventDate "2018.07.02"]

1. d4 Nf6 2. c4 b6 3. Nf3 Bb7 4. Nc3 g6 5. d5 Bg7 6. e4 O-O 7. Be2 e6 8. O-O
exd5 9. exd5 d6 10. Bg5 h6 11. Be3 Ng4 12. Bd4 Ne5 13. Qd2 Nbd7 14. Ne1 g5 15.
Nc2 f5 16. f4 gxf4 17. Rxf4 Ng6 18. Bxg7 Qg5 19. Bxh6 Qxh6 20. Rd4 f4 21. Nb5
Rac8 22. Rd3 Nde5 23. Rh3 Qg7 24. Nbd4 Rce8 25. Kh1 Bc8 26. Ra3 a5 27. Rg1 Rf7
28. Ne6 Bxe6 29. dxe6 Rxe6 30. Nd4 Ree7 31. Rh3 Qf6 32. Rc1 Rh7 33. Rcc3 Nh4 34.
Nf3 Nhxf3 35. Bxf3 Rxh3 36. Bd5+ Kg7 37. Rxh3 Ng4 38. Rf3 Qh4 39. g3 Re1+ 0-1